00709nam a22002057a 4500003001100000005001700011008004100028040003900069041000800108082001600116100002600132245008100158300005300239650002600292650003600318650003600354942000700390952009100397999001500488LK-CoMWRAF20230928093059.0230928b |||||||| |||| 00| 0 eng d aLK-CoMWRAFdLK-CoMWRAFeLK-CoMWRAF aeng a302.14bMUR aMuralidharan, Sukumar aMandal, Mandir and Masjid :b"Hindu" communalism and the crisis of the state aMadras :bIndian school of social science,c1990 aCommunalism -- India  aHindus -- India -- Communalism  aMuslims -- India -- Communalism cBK 00104070aMAINbMAINd2023-09-28l0o302.14 MURpRAF2063r2023-09-28w2023-09-28yBK c3718d3718